000 00619 a2200205 4500
005 20240529130933.0
010 _aB-759245
020 _a9789354714221
_c399.00
035 _aB-759245
037 _bGift
082 _aS
100 _aCawthon, Scott
_967042
245 _aFive Nights at Freddy's Tales From The Pizzaplex/
_cScott Cawthon, Kelly Parra and Andrea Waggener
260 _aNew York
_bScholastic Inc.
_c2022
270 _aNew York
_bNew York
300 _a248 p.
_c21 cm(Pb)
700 _aParra, Kelly and Waggener, Andrea
_967043
942 _adpl
_cCH
_2ddc
_hS
_mCAW
999 _c203361
_d203361